Proceedings, professional conference - American Society of Safety Engineers.

Bibliographic Details
New Title:Professional Development Conference (American Society of Safety Engineers). Proceedings
Corporate Author: American Society of Safety Engineers
Format: Serial
Language:English
Published: Park Ridge, Ill. : American Society of Safety Engineers.
Subjects:

MARC

Tag First Indicator Second Indicator Subfields
LEADER 00000cas a2200000 4500
001 in00001235239
005 20151003062152.0
008 790702d19681972iluar 1 a0eng d
010 |a  70023433  
035 |a (OCoLC)05128725 
035 |9 AGS6949AM 
040 |a GZM  |c GZM  |d MUL  |d DLC  |d UtOrBLW 
042 |a lc 
049 |a TXAE 
050 0 0 |a T55.A1  |b A42 
082 0 |a 363.1/1/05  |2 19 
110 2 |a American Society of Safety Engineers. 
245 1 0 |a Proceedings, professional conference - American Society of Safety Engineers. 
246 1 4 |a ASSE proceedings: professional conference 
264 1 |a Park Ridge, Ill. :  |b American Society of Safety Engineers. 
300 |a 5 volumes :  |b illustrations ;  |c 29 cm. 
336 |a text  |b txt  |2 rdacontent 
337 |a unmediated  |b n  |2 rdamedia 
338 |a volume  |b nc  |2 rdacarrier 
362 0 |a 1968-1972. 
500 |a Evans description based on: 1969. 
650 0 |a Industrial safety  |v Congresses. 
785 0 0 |a Professional Development Conference (American Society of Safety Engineers).  |t Proceedings  |w (DLC) 85644776  |w (OCoLC)6521324 
948 |a T1 
999 |a MARS 
999 f f |s 9e6dbcc3-ebeb-33ca-8cdd-38ccdb31138b  |i 28c5ee96-32a1-3bb6-bd4b-22f7867938ea  |t 0 
952 f f |p ric  |a Texas A&M University  |b Rellis Campus  |c Joint Library Facility  |d Remote Storage  |t 0  |e T55.A1 A42  |h Library of Congress classification  |i unmediated -- volume  |l 1969  |m A14805263309 
998 f f |a T55.A1 A42  |s 1969  |t 0  |l Remote Storage